[Event "O Pohár mìsta Øíèany 2015 - OPEN A"]
[Site "Øíèany"]
[Date "2015.08.23"]
[Round "2.11"]
[White "Sedivy, Ondrej"]
[Black "Marikova, Jana"]
[Result "0-1"]
[WhiteElo "1791"]
[BlackElo "2148"]
[PlyCount "0"]
[EventDate "2015.08.22"]

1. c4 Nf6 2. Nc3 g6 3. Nf3 Bg7 4. d4 d6 5. e4 O-O 6. Be2 e5 7. dxe5 dxe5
8. Qxd8 Rxd8 9. Bg5 Re8 10. Bxf6 Bxf6 11. Nd5 Bd8 12. Rd1 c6 13. Nc3 Bc7 14. O-O
Nd7 15. b4 Nf8 16. b5 Ne6 17. bxc6 bxc6 18. g3 Nc5 19. Nd2 Ba5 20. Rc1 Rb8
21. Rfd1 Rb2 22. Ndb1 Ne6 23. Bd3 Nd4 24. Kg2 Be6 25. Rd2 Reb8 26. Rcd1 Bg4
27. Rxb2 Rxb2 28. Rc1 Bf3+ 29. Kf1 Bd8 30. Na3 Rd2 31. Bc2 Bg5 32. Ba4 Rd3 0-1

[Event "O Pohár mìsta Øíèany 2015 - OPEN A"]
[Site "Øíèany"]
[Date "2015.08.23"]
[Round "2.12"]
[White "Hrdina, Robin"]
[Black "Hurtak, Otto"]
[Result "0-1"]
[WhiteElo "2144"]
[BlackElo "1955"]
[PlyCount "0"]
[EventDate "2015.08.22"]

1. e4 c5 2. Nf3 a6 3. c4 Nc6 4. Be2 e5 5. Nc3 d6 6. O-O Nf6 7. h3 Be7 8. Bd3
O-O 9. Nd5 Rb8 10. Bc2 Bd7 11. Kh2 h6 12. Ng1 Nd4 13. Ne3 g6 14. Ne2 Nh5 15. Nd5
Bg5 16. Nxd4 cxd4 17. d3 Kg7 18. f4 Nxf4 19. Nxf4 Bxf4+ 20. Bxf4 exf4 21. Rxf4
Qe7 22. Qe1 Qe5 23. Qg3 f5 24. exf5 Rxf5 25. Rxf5 Qxg3+ 26. Kxg3 Bxf5 27. Kf2 g5
28. Re1 Kf6 29. Re2 Bg6 30. Rd2 Re8 31. Bd1 Re3 32. Be2 b6 33. b4 Ke5 34. a4 a5
35. b5 Kf4 36. Rd1 h5 37. Rd2 g4 38. hxg4 hxg4 39. Rd1 g3+ 40. Kf1 Re5 0-1

[Event "O Pohár mìsta Øíèany 2015 - OPEN A"]
[Site "Øíèany"]
[Date "2015.08.23"]
[Round "2.13"]
[White "Krivanek, Vladimir"]
[Black "Parizek, Vojtech"]
[Result "1-0"]
[WhiteElo "2105"]
[BlackElo "1886"]
[PlyCount "0"]
[EventDate "2015.08.22"]

1. d4 Nf6 2. Nc3 g6 3. e4 d6 4. f3 Bg7 5. Be3 O-O 6. Qd2 e5 7. Nge2 Nc6
8. O-O-O a6 9. g4 b5 10. d5 Na5 11. Ng3 Ne8 12. h4 c5 13. h5 Rb8 14. hxg6 fxg6
15. Qh2 Kf7 16. g5 b4 17. Nb1 c4 18. Bh3 b3 19. axb3 cxb3 20. c3 Nc7 21. Bxc8
Rxc8 22. Nf5 Nc4 23. Nxg7 Nxe3 24. Ne6 Nxe6 25. dxe6+ Kxe6 26. Qh3+ Nf5
27. exf5+ Rxf5 28. Qxh7 Qxg5+ 29. Nd2 Rxf3 30. Qb7 Rcf8 31. Qxb3+ Ke7 32. Rdg1
Rg3 33. Rh7+ 1-0

[Event "O Pohár mìsta Øíèany 2015 - OPEN A"]
[Site "Øíèany"]
[Date "2015.08.23"]
[Round "2.14"]
[White "Petr, Jakub"]
[Black "Rut, Vojtech"]
[Result "1-0"]
[WhiteElo "1750"]
[BlackElo "2090"]
[PlyCount "0"]
[EventDate "2015.08.22"]

1. e4 c6 2. d4 d5 3. Nd2 dxe4 4. Nxe4 Bf5 5. Ng3 Bg6 6. h4 h6 7. Nf3 Nd7 8. h5
Bh7 9. Bd3 Bxd3 10. Qxd3 e6 11. Bf4 Qa5+ 12. Bd2 Bb4 13. c3 Be7 14. a3 Ngf6
15. c4 Qc7 16. Bc3 O-O 17. O-O-O b5 18. Ne5 Nxe5 19. dxe5 bxc4 20. Qxc4 Nd5
21. Ne4 Rab8 22. Nc5 Bxc5 23. Qxc5 Rb5 24. Qd6 Qxd6 25. exd6 Rd8 26. Rh4 Rxd6
27. Rc4 e5 28. Bxe5 Re6 29. Re1 Nb6 30. Rce4 Rc5+ 31. Bc3 Rxe4 32. Rxe4 Rxh5
33. Re8+ Kh7 34. Re7 Rf5 35. Bd4 c5 36. Be3 Nd5 37. Rxa7 Nxe3 38. fxe3 Kg6
39. Rd7 Rf1+ 40. Rd1 Rf2 41. Rd2 Rf1+ 42. Kc2 h5 43. Kd3 Kf5 44. Rc2 Rd1+
45. Kc4 Ke4 46. Kxc5 Kxe3 47. a4 Ra1 48. Kb5 Ra2 49. a5 Kd3 50. Rf2 Ke3 51. Rf3+
Ke2 52. b4 Ke1 53. a6 h4 54. Rxf7 Rxg2 55. a7 Ra2 56. Rxg7 h3 57. Kb6 Kf2
58. Rh7 Kg2 59. Kb7 1-0

[Event "O Pohár mìsta Øíèany 2015 - OPEN A"]
[Site "Øíèany"]
[Date "2015.08.23"]
[Round "2.15"]
[White "Pycha, Patrik"]
[Black "Cabart, Pavel"]
[Result "1/2-1/2"]
[WhiteElo "2075"]
[BlackElo "1704"]
[PlyCount "0"]
[EventDate "2015.08.22"]

1. e4 c5 2. Nc3 a6 3. g3 b5 4. Bg2 Bb7 5. d3 e6 6. Nf3 d6 7. O-O Be7 8. Be3 Nf6
9. Ne2 O-O 10. h3 Nbd7 11. Nd2 d5 12. exd5 Bxd5 13. Nf4 Bxg2 14. Kxg2 Nd5
15. Nxd5 exd5 16. Bf4 Re8 17. Nf3 Bf6 18. c3 Qb6 19. Re1 a5 20. Qd2 b4 21. Rxe8+
Rxe8 22. Re1 Rxe1 23. Qxe1 Qe6 24. Qxe6 fxe6 25. cxb4 axb4 26. b3 h6 27. h4 e5
28. Bc1 Kf7 29. g4 e4 30. dxe4 dxe4 31. Nd2 e3 32. fxe3 Bxh4 33. Nc4 Bf6 34. Kf3
Ne5+ 35. Nxe5+ Bxe5 36. Ke4 Ke6 37. Bd2 g6 38. Be1 Bb2 39. Kd3 Be5 40. Kc4 Bd6
41. e4 h5 42. gxh5 gxh5 43. Kd3 Ke5 44. Ke3 Be7 45. Bg3+ Ke6 46. Kf3 h4 47. Bf4
Bd6 48. Bc1 h3 49. a3 h2 50. Kg2 Ke5 51. axb4 cxb4 52. Bd2 Kxe4 53. Bxb4 Bxb4
54. Kxh2 1/2-1/2

[Event "O Pohár mìsta Øíèany 2015 - OPEN A"]
[Site "Øíèany"]
[Date "2015.08.23"]
[Round "2.17"]
[White "Hanl, Frantisek"]
[Black "Stanek, Ondrej"]
[Result "1/2-1/2"]
[WhiteElo "2052"]
[BlackElo "1637"]
[PlyCount "0"]
[EventDate "2015.08.22"]

1. c4 Nf6 2. Nc3 g6 3. g3 Bg7 4. Bg2 O-O 5. d3 c5 6. Nf3 Nc6 7. O-O d6 8. e4
Bg4 9. h3 Bxf3 10. Bxf3 Nd7 11. Bg2 e5 12. Be3 Re8 13. Qd2 Nf8 14. Nd5 Ne6
15. a3 Ned4 16. Rab1 Nb3 17. Qd1 Ncd4 18. f4 exf4 19. Bxd4 Nxd4 20. Nxf4 Rb8
21. Ne2 1/2-1/2

[Event "O Pohár mìsta Øíèany 2015 - OPEN A"]
[Site "Øíèany"]
[Date "2015.08.23"]
[Round "2.18"]
[White "Vorisek, Jakub"]
[Black "Korsa, Jindrich"]
[Result "0-1"]
[WhiteElo "1692"]
[BlackElo "2138"]
[PlyCount "0"]
[EventDate "2015.08.22"]

1. c4 e5 2. Nc3 Nc6 3. g3 g5 4. Bg2 Bg7 5. e3 d6 6. Nge2 Nge7 7. d4 Ng6 8. O-O
O-O 9. f4 gxf4 10. gxf4 f5 11. dxe5 dxe5 12. Bxc6 bxc6 13. Qxd8 Rxd8 14. e4 exf4
15. Bxf4 Nxf4 16. Rxf4 Be5 17. Rh4 Rd2 18. Rd1 Rxd1+ 19. Nxd1 Bf6 20. Rf4 Be5
21. Rh4 Bd7 22. exf5 Re8 23. Kf2 Bxf5 24. b3 Kg7 25. Ne3 Bg6 26. Ng4 Bd6 27. Nc3
Bc5+ 28. Kf3 h5 29. Nf2 Re3+ 0-1

[Event "O Pohár mìsta Øíèany 2015 - OPEN A"]
[Site "Øíèany"]
[Date "2015.08.23"]
[Round "2.19"]
[White "Gregor, Jiri"]
[Black "Korsa, Jiri"]
[Result "1-0"]
[WhiteElo "2242"]
[BlackElo "1844"]
[PlyCount "0"]
[EventDate "2015.08.22"]

1. d4 Nf6 2. c4 g6 3. Nc3 Bg7 4. e4 d6 5. Be2 O-O 6. Nf3 e5 7. O-O Nbd7 8. Re1
exd4 9. Nxd4 Nc5 10. Bf1 Ng4 11. f3 Ne5 12. Be3 Ne6 13. Qd2 Nxd4 14. Bxd4 Be6
15. Nd5 c6 16. Ne3 Bh6 17. Qf2 Qf6 18. Rad1 Bg5 19. Be2 Bh6 20. g3 Qe7 21. f4 c5
22. Bc3 Nc6 23. f5 gxf5 24. exf5 Bxe3 25. Qxe3 Bxf5 26. Qf4 Bg6 27. Bf6 1-0

[Event "O Pohár mìsta Øíèany 2015 - OPEN A"]
[Site "Øíèany"]
[Date "2015.08.23"]
[Round "2.20"]
[White "Skalicky, Tomas"]
[Black "Franek, Jan"]
[Result "1-0"]
[WhiteElo "2119"]
[BlackElo "1914"]
[PlyCount "0"]
[EventDate "2015.08.22"]

1. d4 f5 2. g3 Nf6 3. Bg2 e6 4. c4 d5 5. Nh3 c6 6. O-O Be7 7. Nd2 O-O 8. Nf3
Ne4 9. Nf4 Bf6 10. Qc2 Bd7 11. b3 g5 12. Nd3 Kg7 13. Bb2 h5 14. Nfe5 Qe8 15. Ba3
Be7 16. Bxe7 Qxe7 17. f3 Nf6 18. e4 Na6 19. Rae1 Nb4 20. Qd2 Nxd3 21. Qxg5+ Kh7
22. Qg6+ Kh8 23. Nxd3 Rf7 24. exf5 Rh7 25. fxe6 Bxe6 26. Nf4 Qf7 27. Rxe6 1-0

[Event "O Pohár mìsta Øíèany 2015 - OPEN A"]
[Site "Øíèany"]
[Date "2015.08.23"]
[Round "2.21"]
[White "Kindl, Frantisek"]
[Black "Kubikova, Hana"]
[Result "0-1"]
[WhiteElo "1847"]
[BlackElo "2107"]
[PlyCount "0"]
[EventDate "2015.08.22"]

1. Nf3 Nf6 2. c4 d6 3. d4 g6 4. b3 Bg7 5. Bb2 c6 6. e3 Nbd7 7. Be2 O-O 8. O-O
Re8 9. Qc2 Nf8 10. Nbd2 Bg4 11. h3 Bf5 12. e4 Bd7 13. Nh2 e5 14. dxe5 dxe5
15. Ndf3 Nh5 16. Rad1 Qc7 17. Ba3 Nf4 18. Bd6 Qc8 19. Kh1 c5 20. Bxf8 Rxf8
21. Ng1 h5 22. Qd2 Bc6 23. Qe3 Qc7 24. g3 Ne6 25. g4 hxg4 26. hxg4 Qe7 27. f3
Nf4 28. Qf2 Bf6 29. Bd3 Bh4 30. Qc2 Kg7 31. Ne2 Bg5 32. Nxf4 Bxf4 33. Rf2 Rh8
34. Rg1 Be3 35. g5 Rh5 36. Rgg2 Bxf2 37. Qxf2 Rd8 38. Bf1 b6 39. Kg1 Rxg5
40. Ng4 Bd7 41. Ne3 Be6 42. Nd5 Bxd5 43. exd5 Rh8 44. Qe3 Rhh5 45. Qd3 Rxg2+
46. Bxg2 Qh4 47. d6 Qd4+ 0-1

[Event "O Pohár mìsta Øíèany 2015 - OPEN A"]
[Site "Øíèany"]
[Date "2015.08.23"]
[Round "2.22"]
[White "Helebrand, Frantisek"]
[Black "Skacel, Jan"]
[Result "0-1"]
[WhiteElo "1841"]
[BlackElo "2051"]
[PlyCount "0"]
[EventDate "2015.08.22"]

1. e4 c5 2. Nc3 Nc6 3. f4 e6 4. Bc4 a6 5. a4 Nge7 6. Nf3 d5 7. exd5 Nxd5
8. Nxd5 exd5 9. Be2 Bd6 10. d3 Qf6 11. Qd2 O-O 12. O-O Re8 13. Re1 Bg4 14. g3
Rxe2 15. Rxe2 Bxf3 16. Rf2 Bg4 17. c3 Re8 18. Qc2 b6 19. d4 Re1+ 20. Rf1 Re2
21. Bd2 Nxd4 22. cxd4 Qxd4+ 23. Kh1 Rxd2 24. Qb1 g6 0-1

[Event "O Pohár mìsta Øíèany 2015 - OPEN A"]
[Site "Øíèany"]
[Date "2015.08.23"]
[Round "2.23"]
[White "Dlouhy, Ondrej"]
[Black "Hlavacek, Ondrej"]
[Result "1-0"]
[WhiteElo "1984"]
[BlackElo "1668"]
[PlyCount "0"]
[EventDate "2015.08.22"]

1. e4 c5 2. g3 g6 3. Bg2 Bg7 4. f4 e6 5. Nf3 Nc6 6. O-O d6 7. c3 Nf6 8. d3 O-O
9. a4 Qc7 10. Na3 a6 11. Nc2 e5 12. Ne3 Ne7 13. Nh4 Rd8 14. f5 g5 15. Nf3 h6
16. g4 d5 17. exd5 Nexd5 18. Nxd5 Nxd5 19. Qe2 Nf4 20. Bxf4 exf4 21. Nd2 Rb8
22. Be4 b5 23. Nf3 Bb7 24. axb5 Bxe4 25. dxe4 axb5 26. Ra6 b4 27. f6 Bf8 28. h4
Rd6 29. Rxd6 Qxd6 30. hxg5 Qe6 31. gxh6 Qxg4+ 32. Qg2 Qxg2+ 33. Kxg2 bxc3
34. bxc3 Bxh6 35. Kh3 Rb3 36. Rc1 Rb8 37. Kg4 Kh7 38. Kf5 Rg8 39. Rg1 Rxg1
40. Nxg1 Kg8 41. Ke5 Kh7 42. Nf3 Kg6 43. Kd5 Bf8 44. e5 Kf5 45. c4 Kg4 46. Ke4
Bh6 47. Nd2 Bf8 48. Nf3 Bh6 49. Ne1 Bf8 50. Nd3 f3 51. Kd5 Kg3 52. Kc6 f2
53. Nxf2 Kxf2 54. Kd7 Ke3 55. Ke8 Bh6 56. Kxf7 Kd4 57. e6 Kxc4 58. e7 Kb3
59. e8=Q c4 60. Qb5+ Kc3 61. Kg6 Bf8 62. f7 Kd4 63. Qb1 1-0

[Event "O Pohár mìsta Øíèany 2015 - OPEN A"]
[Site "Øíèany"]
[Date "2015.08.23"]
[Round "2.24"]
[White "Cermak, Jan"]
[Black "Zlamana, Anna"]
[Result "1-0"]
[WhiteElo "1962"]
[BlackElo "1692"]
[PlyCount "0"]
[EventDate "2015.08.22"]

1. e4 e5 2. Nf3 Nc6 3. Bb5 a6 4. Bxc6 dxc6 5. O-O Bg4 6. h3 Bxf3 7. Qxf3 Nf6
8. d3 Be7 9. Qg3 Qd6 10. Qxg7 Rg8 11. Qh6 Rg6 12. Qe3 O-O-O 13. Kh1 Rdg8 14. Rg1
Qe6 15. Qf3 Bc5 16. Qf5 Kd7 17. Nc3 R6g7 18. Qxe6+ Kxe6 19. Be3 Bxe3 20. fxe3
Rg3 21. Rae1 c5 22. Kh2 c6 23. Nd1 Nd7 24. Ref1 Nb6 25. b3 a5 26. a4 Nd7 27. Rf3
R3g6 28. Nc3 Nf6 29. g3 h5 30. Rgf1 R8g7 31. Nb1 Nd7 32. Na3 b6 33. Nc4 f6
34. Rg1 Rg5 35. Rf2 Rg8 36. Rfg2 Rh8 37. g4 h4 38. Rf2 Rg6 39. Rf5 Rh7 40. Nd2
Rg5 41. Nf3 Rgg7 42. g5 Rh5 43. gxf6 Rxg1 44. Kxg1 Rxf5 45. exf5+ Kxf5 46. f7
Kf6 47. Nxh4 Kxf7 48. Kf2 Kf6 49. Kg3 b5 50. Nf3 Nb6 51. Nd2 Nd5 52. Kf3 Nb4
53. Ne4+ Ke7 54. Nxc5 Nxc2 55. Nb7 Nb4 56. Ke4 Kd7 57. Nxa5 Kc7 58. axb5 cxb5
59. h4 Na6 60. Kxe5 Kb6 61. Nc4+ bxc4 62. dxc4 Nc5 63. h5 Nd7+ 64. Kf5 Kc5
65. h6 Nf8 66. Kf6 Kd6 67. Kf7 Nh7 68. Kg7 Ng5 69. h7 1-0

[Event "O Pohár mìsta Øíèany 2015 - OPEN A"]
[Site "Øíèany"]
[Date "2015.08.23"]
[Round "2.25"]
[White "Danhel, Lukas"]
[Black "Voracek, Zdenek"]
[Result "1/2-1/2"]
[WhiteElo "1807"]
[BlackElo "2026"]
[PlyCount "0"]
[EventDate "2015.08.22"]

1. e4 Nf6 2. Nc3 d5 3. exd5 Nxd5 4. Nxd5 Qxd5 5. Qf3 Be6 6. d4 Nc6 7. c3 g6
8. Bd3 O-O-O 9. Be4 Qb5 10. Ne2 Bd5 11. O-O Bg7 12. a4 Qc4 13. Bxd5 Qxd5
14. Qh3+ Qd7 15. Qxd7+ Rxd7 16. Bf4 h6 17. Rad1 Rhd8 18. Rc1 Na5 19. Rfe1 Nb3
20. Rc2 c5 21. Nc1 c4 22. Rce2 g5 23. Bg3 Nxc1 24. Rxc1 e5 25. Bxe5 Re8 26. Rce1
Rde7 27. Kf1 Bxe5 28. dxe5 Kc7 29. Re4 Kb6 30. Rxc4 Rxe5 31. Rxe5 Rxe5 32. Rd4
Kc6 33. b4 a6 34. f3 h5 35. Re4 Rd5 36. Ke2 a5 37. Rc4+ Kb6 38. Ke3 axb4
39. cxb4 Rd1 40. Rd4 Ra1 41. a5+ Kc6 42. Rd2 Rb1 43. Rd4 Rb2 44. Rc4+ Kd6
45. Rd4+ Ke6 46. Rc4 Kd6 47. Rd4+ 1/2-1/2

[Event "O Pohár mìsta Øíèany 2015 - OPEN A"]
[Site "Øíèany"]
[Date "2015.08.23"]
[Round "2.26"]
[White "Nova, Michaela"]
[Black "Splichal, Petr"]
[Result "1-0"]
[WhiteElo "1828"]
[BlackElo "2009"]
[PlyCount "0"]
[EventDate "2015.08.22"]

1. f4 e6 2. Nf3 d5 3. e3 Nf6 4. Be2 c5 5. d4 Nc6 6. O-O Be7 7. c3 O-O 8. Ne5
Ne4 9. Nd2 f5 10. Ndf3 g5 11. Nxc6 bxc6 12. Nxg5 Nxg5 13. fxg5 Bxg5 14. Bd2 Rb8
15. b4 c4 16. Qc1 Rb7 17. Be1 Rg7 18. Bg3 Bd7 19. Bd6 Be7 20. Bf4 Bg5 21. Rf3
Be8 22. Rg3 Qe7 23. Qf1 Bh4 24. Rxg7+ Qxg7 25. Qf3 Kh8 26. Kh1 Rg8 27. Rg1 Bf6
28. Qh3 Bg6 29. Bf3 e5 30. Bg3 e4 31. Be2 Qe7 32. Bf4 Bg5 33. Be5+ Bf6 34. Bf4
Bg5 35. Qg3 Bxf4 36. Qxf4 Rf8 37. Rf1 Kg8 38. h4 Qf7 39. Qg3 Kh8 40. Qh3 h5
41. Rf4 Qg7 42. Qg3 Rf6 43. Qe1 Bf7 44. Qf1 Bg6 45. Kg1 Qh6 46. Kf2 Bf7 47. Ke1
Qg6 48. Qf2 Kh7 49. Kd2 Be6 50. g4 hxg4 51. Bxg4 Kg7 52. Bd1 Kf8 53. Qh2 Rf7
54. Rf2 Rg7 55. Qb8+ Qe8 56. Qd6+ Kf7 57. Bh5+ 1-0

[Event "O Pohár mìsta Øíèany 2015 - OPEN A"]
[Site "Øíèany"]
[Date "2015.08.23"]
[Round "2.27"]
[White "Havelka, Petr"]
[Black "Kolasin, Jan"]
[Result "1/2-1/2"]
[WhiteElo "1817"]
[BlackElo "2001"]
[PlyCount "0"]
[EventDate "2015.08.22"]

1. d4 Nf6 2. c4 g6 3. Nc3 Bg7 4. e4 d6 5. Nf3 O-O 6. Be2 e5 7. d5 Nbd7 8. O-O
a5 9. Qc2 Nc5 10. Be3 b6 11. Nd2 Ne8 12. f4 f5 13. fxe5 Bxe5 14. Bxc5 bxc5
15. exf5 Bxf5 16. Bd3 Qh4 17. Nf3 Qxc4 18. Bxc4 Bxc2 19. Nxe5 dxe5 20. d6+ Kg7
21. Rxf8 Kxf8 22. Rf1+ Kg7 23. Rf7+ Kh6 24. Bd5 Nxd6 25. Rxc7 1/2-1/2

[Event "O Pohár mìsta Øíèany 2015 - OPEN A"]
[Site "Øíèany"]
[Date "2015.08.23"]
[Round "2.28"]
[White "Koper, Stefan"]
[Black "Halla, Jiri"]
[Result "1/2-1/2"]
[WhiteElo "1991"]
[BlackElo "1839"]
[PlyCount "0"]
[EventDate "2015.08.22"]

1. d4 Nf6 2. c4 g6 3. Nc3 Bg7 4. e4 d6 5. Nge2 O-O 6. Ng3 e5 7. d5 Nbd7 8. Be2
a5 9. O-O Nc5 10. b3 Ne8 11. Bd2 Bd7 12. Rc1 h5 13. Re1 Bf6 14. Nf1 Bg5 15. Ne3
Ng7 16. a3 f5 17. f3 h4 18. b4 axb4 19. axb4 Na4 20. Nf1 Nxc3 21. Rxc3 Nh5
22. g3 fxe4 23. fxe4 hxg3 24. hxg3 Ra2 25. Bxh5 Bxd2 26. Nxd2 Qg5 27. Nf1 gxh5
28. Rc2 Ba4 29. Qc1 Qxc1 30. Rcxc1 Rff2 31. Ra1 Kg7 32. Rxa2 Rxa2 33. Ne3 Bd7
34. c5 Kf6 35. cxd6 cxd6 36. Nc4 Ke7 37. Re3 Bb5 38. Na5 b6 39. Nc6+ Kd7 40. Rc3
Rb2 41. Nb8+ Kd8 42. Nc6+ Kd7 43. Nb8+ Kd8 1/2-1/2

[Event "O Pohár mìsta Øíèany 2015 - OPEN A"]
[Site "Øíèany"]
[Date "2015.08.23"]
[Round "2.29"]
[White "Pivonka, Michael"]
[Black "Petrun, Milan"]
[Result "0-1"]
[WhiteElo "1800"]
[BlackElo "1991"]
[PlyCount "0"]
[EventDate "2015.08.22"]

1. d4 Nf6 2. Nf3 e6 3. Bg5 Be7 4. e3 b6 5. c4 Bb7 6. Nc3 O-O 7. Bd3 d5 8. O-O
dxc4 9. Bxc4 Ne4 10. Bxe7 Qxe7 11. Qc2 Nxc3 12. bxc3 Nd7 13. e4 e5 14. Rfe1 Rad8
15. Rad1 Rfe8 16. d5 Nc5 17. Bb5 Rf8 18. Nd2 Rd6 19. Nb3 Rg6 20. Nxc5 Qxc5
21. Bd7 Rd6 22. Bf5 Ba6 23. Qa4 Bc4 24. Qb4 Qxb4 25. cxb4 Rfd8 26. a3 c6 27. Rc1
b5 28. Bg4 Kf8 29. dxc6 Rxc6 30. Red1 Rcd6 31. Rxd6 Rxd6 32. Rd1 Ke7 33. Rxd6
Kxd6 34. Bc8 g6 35. Bh3 Bd3 36. f3 f5 37. exf5 gxf5 38. Kf2 f4 39. Ke1 Kd5
40. Kd2 Kd4 41. g3 e4 42. gxf4 exf3 43. Ke1 Ke3 44. f5 f2+ 45. Kd1 f1=Q+ 0-1

[Event "O Pohár mìsta Øíèany 2015 - OPEN A"]
[Site "Øíèany"]
[Date "2015.08.23"]
[Round "2.30"]
[White "Skala, Jaromir"]
[Black "Novotny, Petr"]
[Result "1-0"]
[WhiteElo "1959"]
[BlackElo "1826"]
[PlyCount "0"]
[EventDate "2015.08.22"]

1. d4 Nf6 2. c4 e6 3. Nf3 b6 4. g3 Bb7 5. Bg2 Be7 6. O-O O-O 7. b3 d6 8. Bb2
Nbd7 9. Nc3 c5 10. d5 e5 11. e4 Ne8 12. Qc2 Bc8 13. Nd2 Bg5 14. f4 exf4 15. gxf4
Bf6 16. Nf3 g6 17. Rae1 Ng7 18. e5 dxe5 19. fxe5 Bh4 20. Re4 Nf5 21. e6 Nd4
22. Nxd4 cxd4 23. exd7 Bxd7 24. Rxd4 Bf5 25. Ne4 Be7 26. d6 Bxd6 27. Rxd6 Qxd6
28. Qc3 1-0

[Event "O Pohár mìsta Øíèany 2015 - OPEN A"]
[Site "Øíèany"]
[Date "2015.08.23"]
[Round "2.31"]
[White "Kovar, Jan"]
[Black "Stork, Rostislav"]
[Result "1/2-1/2"]
[WhiteElo "1930"]
[BlackElo "1812"]
[PlyCount "0"]
[EventDate "2015.08.22"]

1. e4 e5 2. Nf3 Nf6 3. Nc3 Nc6 4. Bb5 Nd4 5. Ba4 Bb4 6. Nd5 Nxd5 7. exd5 O-O
8. Nxd4 exd4 9. O-O Qf6 10. c3 dxc3 11. dxc3 Bc5 12. Bc2 d6 13. Qd3 Qg6 14. Re1
Qxd3 15. Bxd3 Bd7 16. Re7 Rad8 17. Bf4 Rfe8 18. Rae1 h6 19. Kf1 Kf8 20. Rxe8+
Rxe8 21. Rxe8+ Kxe8 22. Ke2 f5 23. b4 Bb6 24. Be3 Bxe3 25. Kxe3 Ke7 26. f4 Kf6
27. Bc2 g5 28. g3 Be8 29. Bd1 Bb5 30. Kd4 Be8 31. a4 b6 32. a5 Bb5 33. c4 Be8
34. Be2 Bf7 35. Bd1 Be8 36. Be2 1/2-1/2

[Event "O Pohár mìsta Øíèany 2015 - OPEN A"]
[Site "Øíèany"]
[Date "2015.08.23"]
[Round "2.32"]
[White "Chromovsky, Hynek"]
[Black "Pribyl, Jaroslav"]
[Result "0-1"]
[WhiteElo "1768"]
[BlackElo "1928"]
[PlyCount "0"]
[EventDate "2015.08.22"]

1. c4 Nf6 2. d4 d5 3. Nf3 c6 4. e3 e6 5. Nc3 Bd6 6. Bd3 O-O 7. cxd5 exd5 8. O-O
Re8 9. Qc2 Nbd7 10. e4 dxe4 11. Nxe4 Nxe4 12. Bxe4 Nf6 13. Bg5 h6 14. Bh4 g5
15. Nxg5 hxg5 16. Bxg5 Bxh2+ 17. Kh1 Qxd4 18. Bxf6 Qxf6 19. Kxh2 Qh4+ 20. Kg1
Qxe4 21. Qc3 Bf5 22. Rfe1 Qg4 23. f3 Qg7 24. Qb4 b6 25. g4 Bg6 26. Kg2 Rad8
27. Kg3 Qf8 28. Qc3 Qd6+ 29. Kh4 Qh2+ 0-1

[Event "O Pohár mìsta Øíèany 2015 - OPEN A"]
[Site "Øíèany"]
[Date "2015.08.23"]
[Round "2.33"]
[White "Hadrava, Jaroslav"]
[Black "Civin, Dominik"]
[Result "1-0"]
[WhiteElo "1927"]
[BlackElo "1793"]
[PlyCount "0"]
[EventDate "2015.08.22"]

1. e4 e6 2. d4 d5 3. Nc3 Nf6 4. e5 Nfd7 5. f4 c5 6. Nf3 Nc6 7. Be3 a6 8. Qd2
Qc7 9. h4 b5 10. a4 bxa4 11. Nxa4 c4 12. Nc5 Bxc5 13. dxc5 Rb8 14. Qc3 Ne7
15. Qa3 f6 16. Bd4 Nf5 17. Bc3 Ng3 18. Rh3 Ne4 19. exf6 gxf6 20. Ng5 Qxf4
21. Nxe4 Qxe4+ 22. Kd1 e5 23. c6 Nb6 24. Qd6 Bg4+ 25. Rf3 Rd8 26. Qxf6 Rf8
27. Qxf8# 1-0

[Event "O Pohár mìsta Øíèany 2015 - OPEN A"]
[Site "Øíèany"]
[Date "2015.08.23"]
[Round "2.34"]
[White "Nemcova, Kamila"]
[Black "Macho, Miloslav"]
[Result "1-0"]
[WhiteElo "1731"]
[BlackElo "1922"]
[PlyCount "0"]
[EventDate "2015.08.22"]

1. e4 c5 2. Nf3 d6 3. d4 cxd4 4. Nxd4 Nf6 5. Nc3 a6 6. Be2 e5 7. Nb3 Be7 8. O-O
O-O 9. Bg5 Nc6 10. Qd2 Bg4 11. Bxf6 Bxe2 12. Bxe7 1-0

[Event "O Pohár mìsta Øíèany 2015 - OPEN A"]
[Site "Øíèany"]
[Date "2015.08.23"]
[Round "2.35"]
[White "Vavrinec, Tomas"]
[Black "Skvaril, Michal"]
[Result "1-0"]
[WhiteElo "1918"]
[BlackElo "1785"]
[PlyCount "0"]
[EventDate "2015.08.22"]

1. c4 e6 2. Nf3 d5 3. g3 Nf6 4. Bg2 Be7 5. O-O O-O 6. b3 b6 7. Bb2 Bb7 8. d3 c5
9. cxd5 exd5 10. Nbd2 Nbd7 11. Rc1 Re8 12. Rc2 Bd6 13. e3 Rc8 14. Qa1 Qe7
15. Rfc1 Ne5 16. Nxe5 Bxe5 17. Bxe5 Qxe5 18. Qxe5 Rxe5 19. d4 Ree8 20. dxc5 Rxc5
21. Rxc5 bxc5 22. Rxc5 Rc8 23. Rxc8+ Bxc8 24. Nf3 Kf8 25. Nd4 Bd7 26. Kf1 Ke7
27. Ke2 Ne4 28. Bxe4 dxe4 29. Kd2 Kd6 30. Kc3 f5 31. Kb4 a6 32. Ka5 Kc5 33. Kxa6
Kb4 34. Kb6 Ka3 35. Kc7 Be8 36. Nxf5 g5 37. Nd6 Bg6 38. Nc4+ Kxa2 39. b4 Be8
40. Nd6 1-0

[Event "O Pohár mìsta Øíèany 2015 - OPEN A"]
[Site "Øíèany"]
[Date "2015.08.23"]
[Round "2.36"]
[White "Tejkal, Jiri"]
[Black "Sadil, Jan"]
[Result "1-0"]
[WhiteElo "1909"]
[BlackElo "1734"]
[PlyCount "0"]
[EventDate "2015.08.22"]

1. c4 e5 2. Nc3 Nc6 3. g3 f5 4. Bg2 Nf6 5. Nf3 Be7 6. d3 O-O 7. O-O d6 8. Rb1
g5 9. b4 h6 10. b5 Nb8 11. e3 g4 12. Ne1 h5 13. e4 Nh7 14. exf5 Rxf5 15. Be4 Rf8
16. Bh6 Rf6 17. Qd2 c6 18. Ng2 Rf7 19. Qe2 Bg5 20. Bxg5 Nxg5 21. Nh4 Nh3+
22. Kh1 cxb5 23. Bd5 bxc4 24. Qe4 Qf6 25. Bxf7+ Qxf7 26. dxc4 Nxf2+ 27. Rxf2
Qxf2 28. Qg6+ Kf8 29. Qxd6+ Kf7 30. Qg6+ Kf8 31. Qd3 Qd4 32. Rf1+ Ke7 33. Qh7+
Ke8 34. Qg8+ Kd7 35. Rf7+ 1-0

[Event "O Pohár mìsta Øíèany 2015 - OPEN A"]
[Site "Øíèany"]
[Date "2015.08.23"]
[Round "2.37"]
[White "Kunc, Jan"]
[Black "Martinec, Karel"]
[Result "1-0"]
[WhiteElo "1685"]
[BlackElo "1897"]
[PlyCount "0"]
[EventDate "2015.08.22"]

1. e4 e5 2. Nf3 Nc6 3. Bb5 a6 4. Ba4 Nf6 5. O-O Nxe4 6. d4 b5 7. Bb3 d5 8. dxe5
Be6 9. c3 Be7 10. Nbd2 Nc5 11. Bc2 O-O 12. Nb3 Qd7 13. Nxc5 Bxc5 14. Qd3 g6
15. Bg5 Be7 16. Rfe1 Bxg5 17. Nxg5 Bf5 18. Qd2 Bxc2 19. Qxc2 Qe7 20. f4 h6
21. Nf3 Qe6 22. Rad1 Ne7 23. Nd4 Qg4 24. Qf2 c5 25. Nb3 c4 26. Nd4 Rfd8 27. Rd2
Rac8 28. e6 Nc6 29. Nxc6 Rxc6 30. e7 Re8 31. Rxd5 Rcc8 32. Qd4 Qh4 33. Qe5 Kh7
34. g3 1-0